000 00569nam a2200181Ia 4500
008 100920s9999 xx 000 0 und d
082 _b77208
_a--- थ 89
100 _aकाशिकर अेस. अेम.
245 _aतिसरा कोण.
260 _bयोगेश्वरी प्रकाशन, पुणे.
_c1989
300 _a256
_bसाधी
365 _b54
520 _aकादंबरी.
630 _aतिसरा कोण.
650 _aकादंबरी.
730 _aतिसरा कोण.
942 _cBOOK
999 _c718513
_d718510